000
00283nam a22001217a 4500
082
_a
200
_b
WAT/M
100
_a
WATCHTOWER BIBLE
245
_a
MANKIND'S SEARCH FOR GOD
260
_a
NEW YORK
_b
WATCHTOWER BIBLE
_c
1990
300
_a
378
650
_a
SPIRITUAL
_z
UNITED STATES
942
_c
BK
999
_c
4789
_d
4789